| 000 | 00813cab a2200205 4500 | ||
|---|---|---|---|
| 001 | 00L132258 | ||
| 008 | 060123n2006 000 0 eng u | ||
| 035 | _a(Sirsi) u132258 | ||
| 041 | 0 | _aeng | |
| 100 | 1 | _aBullock, Hugh | |
| 245 | 0 | 0 | _aCapital adjusts to new climate |
| 260 | _c2006 | ||
| 490 | 0 |
_aEstates Gazette _v(0602) 14 January 2006, 106-107(2) |
|
| 520 | _aConsiders the emerging issues and their implications in the Mayor of London's review of the London Plan (L132215): climate change, the central activities zone, the London economy, housing, transport, London sub-regions and the Olympic Games 2012. | ||
| 590 | _aIKA310106 | ||
| 650 | 2 | 4 | _aLONDON PLAN |
| 650 | 2 | 4 | _aOLYMPIC GAMES 2012 |
| 690 | _aENVIRONMENTAL AND LAND CONSULTANCY-PLANNING AND DEVELOPMENT-STRATEGIC PLANNING | ||
| 942 | _n0 | ||
| 999 |
_c76379 _d76379 |
||